| 000 | 00979nam a22002177a 4500 | ||
|---|---|---|---|
| 999 |
_c15137 _d15137 |
||
| 003 | OSt | ||
| 082 | _2631.587 ASW/EF | ||
| 088 | _aP 230 | ||
| 100 |
_aASWATHY P. R _93656 |
||
| 245 | _aEffect of drip irrigation management and different soilless culture on growth and yield of tomato grown in naturally ventilated greenhouse | ||
| 260 |
_aTavanur 2011 _bDepartment of Irrigation and Drainage Engineering |
||
| 300 | _a72 | ||
| 500 | _aEffect of drip irrigation management and different soilless culture on growth and yield of tomato grown in naturally ventilated greenhouse | ||
| 520 | _aEffect of drip irrigation management and different soilless culture on growth and yield of tomato grown in naturally ventilated greenhouse | ||
| 700 |
_aNaima P. M _93657 |
||
| 700 |
_aNeethu Varghese K _93658 |
||
| 700 |
_aRanjit Singh _93659 |
||
| 700 |
_aEr. Asha Joseph (Guide) _93373 |
||
| 856 | _uhttps://drive.google.com/open?id=1WUvrx1uMVDpCxTc7XyREHawfCzQVDJBh | ||
| 942 | _cPR | ||